| 000 | 01043nam a22003137a 4500 | ||
|---|---|---|---|
| 003 | CHAP | ||
| 005 | 20220817041624.0 | ||
| 008 | 971013s1980 r 00010 d | ||
| 010 | _a19991 | ||
| 011 | _a20963 | ||
| 035 | _a25052 | ||
| 040 | _cCHAP | ||
| 082 |
_a635.651 _bB6 |
||
| 100 | 0 | 0 |
_aBond, D. A. _913649 |
| 245 | _aVicia faba ; feeding value, processing and viruses | ||
| 260 |
_aHague : _bNijhoff, _c1980 |
||
| 300 | _a422 p. | ||
| 490 |
_aWorld crops. Production, utilization and description _v; 3 |
||
| 590 |
_aBATCH-UPD _b10 _c20130110 _lUCH01 _h0101 |
||
| 590 |
_aBATCH-UPD _b10 _c20130110 _lUCH01 _h2251 |
||
| 590 |
_aCONVERSION _b10 _c20130109 _lUCH01 _h1312 |
||
| 650 | 1 | 4 |
_aHaba _xEnfermedades por virus. _952103 |
| 650 | 1 | 4 |
_aHaba _xValor nutritivo. _952127 |
| 830 | 0 |
_aWorld crops. Production, utilization and description _v; 3 |
|
| 901 | _aBK | ||
| 942 | _cLIBRO | ||
| 949 |
_a635.651 B6 _bBC _cLIBRO _d33724000263075 _eLIBRO _fc.2 _h55046 _i25052 _si |
||
| 949 |
_a635.651 B6 _bBC _cLIBRO _d33724000263083 _eLIBRO _h55045 _i25052 _si |
||
| 999 |
_c19991 _d19991 |
||